000 00672nam a2200193 ar4500
001 1656
005 20221127090248.0
008 100116s le 00010bara d
020 _cرس 28.00
082 0 4 _a923.2531
_bق566
100 1 _aالقصيبي، غازي عبدالرحمن.
245 1 0 _aحياة في الادارة /
_cغازي القصيبي.
250 _aط. 10.
260 _aبيروت :
_bالمؤسسة العربية للدراسات والنشر،
_c2003.
300 _a309 ص. ؛
_c24 سم.
600 0 4 _aغازي عبدالرحمن القصيبي
_vمذكرات.
650 4 _aالتراجم الذاتية.
650 4 _aالادارة العامة.
999 _c1654
_d1654